Culture générale - France - Statistiques

Statistiques générales
  • Ce quiz a été pris 365 fois
  • Le résultat moyen est 8 sur 10
Statistiques - réponses
Hint Réponse % Correct
Quel roi de France est surnommé le « Roi Soleil » ? Louis XIV
97%
Qui était le premier président de la Ve République ? Charles de Gaulle
92%
En quelle année a eu lieu la Révolution française ? 1789
91%
Quelle est la plus haute montagne de France métropolitaine ? Mont Blanc
91%
Quel est le fleuve qui traverse Paris ? La Seine
90%
Dans quelle ville se trouve le siège du Conseil constitutionnel ? Paris
88%
Quelle devise figure sur le fronton des mairies françaises ? Liberté, Égalité, Fraternité
83%
Quel monument parisien a été construit pour l’Exposition universelle de 1889 ? La Tour Eiffel
80%
Quelle est la plus grande région française en superficie depuis la réforme territoriale de 2016 ? La Nouvelle-Aquitaine
48%
Quel écrivain français a reçu le prix Nobel de littérature en 1964 mais l’a refusé ? Jean-Paul Sartre
32%
Aucun quiz correspondant
Distribution des résultats
% des personnes avec chaque résultat
Percentile par nombre de réponses
Votre historique - résultats
Vous n’avez pas pris ce quiz